The biblical world : (Record no. 63)

MARC details
000 -LEADER
fixed length control field 01359cem a22003254a 4500
005 - DATE AND TIME OF LATEST TRANSACTION
control field 20260322212005.0
007 - PHYSICAL DESCRIPTION FIXED FIELD--GENERAL INFORMATION
fixed length control field data
008 - FIXED-LENGTH DATA ELEMENTS--GENERAL INFORMATION
fixed length control field data
010 ## - LIBRARY OF CONGRESS CONTROL NUMBER
LC control number 2007061601
Canceled/invalid LC control number 2006038467
-- 2006038467
020 ## - INTERNATIONAL STANDARD BOOK NUMBER
International Standard Book Number 9781426201387 (alk. paper)
020 ## - INTERNATIONAL STANDARD BOOK NUMBER
International Standard Book Number 1426201389 (alk. paper)
034 0# - CODED CARTOGRAPHIC MATHEMATICAL DATA
Category of scale a
040 ## - CATALOGING SOURCE
Original cataloging agency DLC
Transcribing agency DLC
Modifying agency CtY-D
-- BTCTA
-- YDXCP
-- C#P
-- IXA
-- CtY-D
050 00 - LIBRARY OF CONGRESS CALL NUMBER
Classification number G2230
Item number .I8 2007
052 ## - GEOGRAPHIC CLASSIFICATION
Geographic classification area code 7480
079 ## -
-- ocm80871649
082 00 - DEWEY DECIMAL CLASSIFICATION NUMBER
Classification number 220.9/10223
Edition information 22
092 ## - LOCALLY ASSIGNED DEWEY CALL NUMBER (OCLC)
Classification number 220.9 Isb 2007
001 - CONTROL NUMBER
control field data
100 1# - MAIN ENTRY--PERSONAL NAME
Personal name Isbouts, Jean-Pierre.
245 14 - TITLE STATEMENT
Title The biblical world :
Remainder of title an illustrated atlas /
Statement of responsibility, etc. Jean-Pierre Isbouts & National Geographic Society (U.S.).
255 ## - CARTOGRAPHIC MATHEMATICAL DATA
Statement of scale Scales differ.
260 ## - PUBLICATION, DISTRIBUTION, ETC.
Place of publication, distribution, etc. Washington, D.C. :
Name of publisher, distributor, etc. National Geographic,
Date of publication, distribution, etc. c2007.
300 ## - PHYSICAL DESCRIPTION
Extent 1 atlas (367 p.) :
Other physical details col. ill., col. maps ;
Dimensions 29 cm.
504 ## - BIBLIOGRAPHY, ETC. NOTE
Bibliography, etc. note Includes bibliographical references (p. 354-355) and index.
505 0# - FORMATTED CONTENTS NOTE
Formatted contents note The world before Abraham -- The journey of Abraham -- Joseph in Egypt -- The exodus -- The settlement in Canaan -- Kingdom of David and Solomon -- The fall of the two kingdoms -- From exile to restoration -- The world of Jesus -- Early Christianity and rabbinic Judaism -- Three faiths in the Holy Land.
630 00 - SUBJECT ADDED ENTRY--UNIFORM TITLE
Uniform title Bible
General subdivision Geography
Form subdivision Maps.
630 00 - SUBJECT ADDED ENTRY--UNIFORM TITLE
Uniform title Bible
General subdivision History of Biblical events
Form subdivision Maps.
710 2# - ADDED ENTRY--CORPORATE NAME
Corporate name or jurisdiction name as entry element National Geographic Society (U.S.)
Holdings
Withdrawn status Lost status Damaged status Not for loan Home library Current library Shelving location Date acquired Total checkouts Full call number Barcode Date last seen Price effective from Koha item type
        Centerville Centerville General stacks 22/03/2026   220.9/10223 22 BC0010065 22/03/2026 22/03/2026 Books